A bibliography of the Amarna period and its aftermath : the reigns of Akhenaten, Smenkhkare, Tutankhamun and Ay (c. 1350-1321 BC) /
محفوظ في:
المؤلف الرئيسي:
التنسيق: كتاب
اللغة: English
سلاسل:
Studies in Egyptology.
الموضوعات:
الوسوم: إضافة وسم
لا توجد وسوم, كن أول من يضع وسما على هذه التسجيلة!
رقم الطلب: ( REF )DT87.5 .M37 1991
| LEADER | 01036namaa2200265 4500 | ||
|---|---|---|---|
| 001 | 17134 | ||
| 003 | OSt | ||
| 005 | 20210808080332.0 | ||
| 008 | 130303s1991 enk g b 000 0 eng d | ||
| 952 | |0 0 |1 0 |2 lcc |4 0 |7 1 |9 17519 |a ARCE |b ARCE |d 2021-08-08 |l 0 |o ( REF )DT87.5 .M37 1991 |p 1038518 |r 2021-08-08 00:00:00 |w 2021-08-08 |y BK | ||
| 999 | |c 14389 |d 14389 | ||
| 010 | |a 90005029 | ||
| 020 | |a 0710304137 | ||
| 040 | |c ARCE Library | ||
| 043 | |a f-ua--- | ||
| 050 | 0 | 4 | |a ( REF )DT87.5 .M37 1991 |
| 100 | 1 | |a Martin, Geoffrey Thorndike, |e author | |
| 245 | 1 | 2 | |a A bibliography of the Amarna period and its aftermath : |b the reigns of Akhenaten, Smenkhkare, Tutankhamun and Ay (c. 1350-1321 BC) / |c Geoffrey Thorndike Martin. |
| 264 | 1 | |a London ; |a New York : |b Kegan Paul International, |c 1991. | |
| 300 | |a 1 volume (unpaged) ; |c 24 cm. | ||
| 490 | 0 | |a Studies in Egyptology. | |
| 651 | 0 | |a Egypt |x History |y Eighteenth dynasty, ca. 1570-1320 B.C. |v Bibliography. | |
| 651 | 0 | |a Tell el-Amarna (Egypt) |x History |v Bibliography. | |
| 901 | |a reviewed | ||
| 942 | |c BK |2 lcc | ||
